| 000 | 00450nam a2200157Ia 4500 | ||
|---|---|---|---|
| 003 | OSt | ||
| 005 | 20260420112359.0 | ||
| 020 | _a978-0-439-89529-3 | ||
| 040 | _cLC | ||
| 050 | _aPZ 7 .T 26 2007 | ||
| 100 | _aTAN, SHAUN | ||
| 245 | 4 | _aTHE ARRIVAL | |
| 260 |
_aNEW YORK, _bARTHUR A LEVIN BOOKS, _c2006, |
||
| 650 | _a1EMIGRATION AND IMMIGRATION-FICTION 2. IMMIGRANTS-FICTION 3. STORIES WITHOUT WORDS 4. CARTOONS AND COMICS | ||
| 942 |
_cBK _2lcc |
||
| 999 |
_c181310 _d181310 |
||